Organic Chemistry of isotopic labelling (Record no. 162709)

MARC details
000 -LEADER
fixed length control field 00377nam a2200145Ia 4500
008 - FIXED-LENGTH DATA ELEMENTS--GENERAL INFORMATION
fixed length control field 230917s9999||||xx |||||||||||||| ||und||
040 ## - CATALOGING SOURCE
-- 197724
Original cataloging agency VIVEKANANDA LIBRARY
041 ## - Language
-- English
082 ## - DDC NUMBER
Classification number 660.2988 H198O
100 ## - MAIN ENTRY--PERSONAL NAME
Personal name Hanson, James R
245 #0 - TITLE STATEMENT
Title Organic Chemistry of isotopic labelling
260 ## - PUBLICATION, DISTRIBUTION, ETC. (IMPRINT)
Place of publication, distribution, etc Cambridge
Name of publisher, distributor, etc RSC Publishing
Date of publication, distribution, etc 2011
300 ## - PHYSICAL DESCRIPTION
Pages xii, 184 p.
942 ## - ADDED ENTRY ELEMENTS (KOHA)
Koha item type Books
Holdings
Withdrawn status Lost status Damaged status Not for loan Location (home branch) Sublocation or collection (holding branch) Date acquired Koha issues (times borrowed) Koha full call number Accession No. Koha date last seen Koha item type
        VIVEKANANDA LIBRARY VIVEKANANDA LIBRARY 09/04/2012   660.2988 H198O 298223 17/09/2023 Books
© Designed and Maintained by Vivekananda Library, MDU Rohtak